GATE PHARMACY (Record no. 15655)
[ view plain ]
| 000 -LEADER | |
|---|---|
| fixed length control field | 00195nam a2200085Ia 4500 |
| 008 - FIXED-LENGTH DATA ELEMENTS--GENERAL INFORMATION | |
| fixed length control field | 170617s9999 xx 000 0 und d |
| 100 ## - MAIN ENTRY--PERSONAL NAME | |
| Personal name | SAGAR VIDYA |
| 245 #0 - TITLE STATEMENT | |
| Title | GATE PHARMACY |
| 260 ## - PUBLICATION, DISTRIBUTION, ETC. | |
| Name of publisher, distributor, etc. | HYDERABAD :PHARMAMED |
| 260 ## - PUBLICATION, DISTRIBUTION, ETC. | |
| Date of publication, distribution, etc. | 2009 |
| Withdrawn status | Lost status | Source of classification or shelving scheme | Damaged status | Not for loan | Home library | Current library | Date acquired | Source of acquisition | Total Checkouts | Barcode | Date last seen | Price effective from | Koha item type | Date last checked out |
|---|---|---|---|---|---|---|---|---|---|---|---|---|---|---|
| IIMT University College of Medical Sciences | IIMT University College of Medical Sciences | 06/23/2017 | 3 | 02-B-9281 | 06/23/2017 | 06/23/2017 | Text-Book- for 7 days | |||||||
| IIMT University College of Medical Sciences | IIMT University College of Medical Sciences | 06/23/2017 | 3 | 1 | 02-B-9282 | 04/08/2019 | 06/23/2017 | Text-Book- for 7 days | 04/08/2019 | |||||
| IIMT University College of Medical Sciences | IIMT University College of Medical Sciences | 06/23/2017 | 3 | 02-B-9283 | 06/23/2017 | 06/23/2017 | Text-Book- for 7 days | |||||||
| IIMT University College of Medical Sciences | IIMT University College of Medical Sciences | 06/23/2017 | 3 | 02-B-9284 | 06/23/2017 | 06/23/2017 | Text-Book- for 7 days |

